000 00625nam a2200277Ia 4500
005 20260324141711.0
008 008 260324s9999 xx 000 0 eng d
020 _a9780203436417
037 _aEBOOK
040 _aCRL
040 _beng
040 _cCRL
041 _2eng
041 _aeng
084 _qCRL
100 _aPaul Balchin
_91160863
245 0 _aHousing Policy in Europe
260 _bTaylor and Francis
260 _c1996
365 _a
365 _b300
856 _uhttp://www.taylorfrancis.com/books/9780203436417
942 _cEBOOK
999 _c1812548
_d1812548